01110 2200349 4500001002100000005001500021035002000036007000300056008004100059020003800100020003200138082001200170084001400182100002700196245011000223300004400333650003600377700003400413700003000447504002800477264003600505336002100541337003000562338002300592040002200615090002200637440002300659850001200682999002200694990002200716990002200738INLIS00000000086909820220324103515 a0010-0322000764ta220324 c | ind  a978-979-28-3604-2 (jilid lengkap) a978-979-28-3608-0(jilid 2b)04223a907 a907 SRI s0 aSri PujianiePengarang10aSejarah :buntuk SMA/Ma kelas XI semester 2 /cSri Pujiani, Soma Surya Persada; penyunting, Danik Isnaini aviii, 168 halaman :bilustrasi ;c30 cm aSejarah--xStudi dan pengajaran0 aSoma Surya PersadaePengarang0 aDanik IsnainiePenyunting aBibliografi: halaman16231aBantul :bIntan Pariwara,c2020 2rdacontentateks 2rdamediaatanpa perantara 2rdacarrieravolume aYOPDYOGbinderda aCB-D.11 2020-3487 aPR Buku Interaktif aYOPDYOG aCB-D.11/2020-3487 aCB-D.11/2020-3487 aCB-D.11/2020-3487